| 000 | 00428 a2200169 4500 | ||
|---|---|---|---|
| 020 | _a9788183332651 | ||
| 082 | _a005.133 | ||
| 090 |
_c7031 _d7031 |
||
| 100 | _aKanetkar, Yashavant P. | ||
| 245 |
_aTest your C #.NET skills _cYashavant P. Kanetkar |
||
| 250 | _aPart II | ||
| 260 |
_aNew Delhi _bBPB Publications _c2008 |
||
| 300 | _a280 p. | ||
| 650 | _aC #.NET | ||
| 700 | _aYashavant P. Kanetkar | ||
| 942 |
_cBK _k005.133 KAN |
||
| 999 |
_c10840 _d10840 |
||